书目信息 |
| 题名: |
布尔什维主义与社会民主主义的历史分野
|
|
| 作者: | 张光明 著 | |
| 分册: | ||
| 出版信息: | 北京 中央编译出版社 1999.10 |
|
| 页数: | 216页 | |
| 开本: | 32开 | |
| 丛书名: | ||
| 单 册: | ||
| 中图分类: | D095.16 | |
| 科图分类: | ||
| 主题词: | 政治学--历史 , 政治思想史 | |
| 电子资源: | ||
| ISBN: | 7-80109-339-9 | |
| 000 | 00639nam0 2200205 45 | |
| 001 | 0103231032 | |
| 005 | 20010323101525.9 | |
| 010 | @a7-80109-339-9@d11.40元 | |
| 100 | @a20010323d1999 km y0chiy0120 ea | |
| 101 | 0 | @achi |
| 105 | @a z 000yy | |
| 200 | 1 | @a布尔什维主义与社会民主主义的历史分野@ABu Er Shen Wei Zhu Yi Yu She Hui Min Zhu Zhu Yi De Li Shi Fen Ye@f张光明著@FZhang Guang Ming Zhu |
| 210 | @a北京@c中央编译出版社@d1999.10 | |
| 215 | @a216页@d32开 | |
| 606 | 0 | @a政治学@x历史 |
| 606 | 0 | @a政治思想史 |
| 690 | @aD095.16@v3 | |
| 701 | 0 | @a张光明@4著 |
| 801 | @aCN@bPftUser@c20010323 | |
| 905 | @b331241-242@dD095.16@eZH527@f2 | |
| 布尔什维主义与社会民主主义的历史分野/张光明著.-北京:中央编译出版社,1999.10 |
| 216页;32开 |
| ISBN 7-80109-339-9:11.40元 |
| ● |
| 相关链接 |
|
|
|
正题名:布尔什维主义与社会民主主义的历史分野
索取号:D095.16/ZH527
 
预约/预借
| 序号 | 登录号 | 条形码 | 馆藏地/架位号 | 状态 | 备注 |
| 1 | 331241 | 203312414 | 社科库509/509社科库 68排4列6层/ [索取号:D095.16/ZH527] | 在馆 | |
| 2 | 331242 | 203312423 | 社科库509/509社科库 68排4列6层/ [索取号:D095.16/ZH527] | 在馆 |